你已走遠,我還在練習道別 : 在匆匆的愛裡,遲來與提前的告別,給已經離開的,與尚未捨得的人
| 資料類型: | 圖書 | 書目號: | 52896 |
Leader xxxxxxxxxx 001 __ 102576/1/01 005 __ 20190417142300.369 010 0_ |a9789578950894|b平裝|d新臺幣320元 100 __ |a20190417d2019 m y0chiy50 e 101 0_ |achi 102 __ |tw 105 __ |aa z 000cy 200 1_ |a你已走遠,我還在練習道別|e在匆匆的愛裡,遲來與提前的告別,給已經離開的,與尚未捨得的人|f渺渺作 205 __ |a初版 210 __ |a臺北市|c采實文化|d2019[民108] 215 0_ |a251面|c圖|d21公分 225 12 |a文字森林系列|v2 517 1_ |a在匆匆的愛裡,遲來與提前的告別,給已經離開的,與尚未捨得的人|zchi 700 _0 |a渺渺|4作 681 __ |a855|b855 801 _0 |atw|bLibDipper|c20190417|gCCR |